MARC

LEADER 00000nam0a2200000 4500
001 56312
005 20231031053317.0
035 |a (RuTPU)RU\TPU\book\59141 
090 |a 56312 
100 |a 20030926d1956 km y0rusy50 ca 
101 0 |a rus 
102 |a RU 
105 |a a g 000zy 
200 1 |a Электровакуумные приборы  |e Справочник  |f Под ред. А. М. Броиде 
210 |a Москва  |a Ленинград  |c Госэнергоиздат  |d 1956 
215 |a 422 с.  |c ил. 
610 1 |a электроника 
610 1 |a электровакуумные приборы 
610 1 |a приемно-усилительные лампы 
610 1 |a электронно-лучевые трубки 
610 1 |a генераторные лампы 
610 1 |a стабилизаторы тока 
610 1 |a барретеры 
610 1 |a полупроводниковые приборы 
610 1 |a классификация 
610 1 |a технические данные 
610 1 |a справочники 
675 |a 621.38(035)  |v 3 
702 1 |a Броиде  |b А. М.  |4 340 
801 1 |a RU  |b 63413507  |c 20030926  |g PSBO 
801 2 |a RU  |b 63413507  |c 20111123  |g PSBO 
942 |c BK